000
00334nam a2200133Ia 4500
008
240624s9999 xx 000 0 und d
041
_a
eng
082
_a
920 KAB
100
_a
KABIR NASREEN MUNNI
245
_a
CONVERSATIONS WITH WAHEEDA REHMAN
260
_c
2014
_a
New Delhi
_b
Penguin
300
_a
227 : p, : cm. ; 20
365
_c
RS
999
_c
24442
_d
24442